| 000 | 02081cam a22005054i 4500 | ||
|---|---|---|---|
| 003 | PE-LiUPU | ||
| 005 | 20250731173002.0 | ||
| 008 | 150623s1999 miu r 000 0 eng d | ||
| 020 | _a9004113169 | ||
| 035 | _a(Sirsi) i9789004113169 | ||
| 040 |
_aPE-LiUPU _bspa _cPE-LiUPU _erda |
||
| 049 | _aPRUA | ||
| 082 | 0 | 4 |
_a230.003 _bE32 _221 |
| 245 | 0 | 4 |
_aThe encyclopedia of christianity : _bVolume 1 A-D / _ceditores, Erwin Fahlbusch .. [et al.] ; traductory editor en inglés, Geoffrey W. Bromiley ; editor estatistico, David B. Barrett. |
| 264 | 1 |
_aGrand Rapids, Michigan : _bWilliam B. Eerdmans, _c1999. |
|
| 300 |
_a893 páginas ; _c27 centímetros |
||
| 336 |
_atext _2rdacontent |
||
| 337 |
_aunmediated _2rdamedia |
||
| 338 |
_avolume _2rdacarrier |
||
| 504 | _aBibliografía al final de cada entrada. | ||
| 505 | 0 | _aThe encyclopedia of christianity. De la A a la D. | |
| 526 | _aSEG42 | ||
| 526 | _aSEG41 | ||
| 526 | _aSEG40 | ||
| 526 | _aSEG39 | ||
| 526 | _aP94 | ||
| 526 | _aP87 | ||
| 526 | _aP86 | ||
| 526 | _aP85 | ||
| 526 | _aP77 | ||
| 526 | _aP76 | ||
| 526 | _aP35 | ||
| 541 | _g800-253-7521; | ||
| 650 | 0 | 4 |
_aCristianismo _vEnciclopedias. |
| 700 | 1 |
_aBromiley, Geoffrey William, _eeditor. |
|
| 700 | 1 |
_aFahlbush, Erwin, _eeditor. |
|
| 942 |
_2ddc _cBOOK |
||
| 949 |
_a230.003 E32 1 _wDEWEY _c1 _i60871 _lCCODEBUL1 _mBUL _p100.00 _r0 _sY _tBOOK _u2015-6-24 _xTEOLOGIA _PP35 _0COMPRA _o.STAFF. Colección General |
||
| 949 |
_aRC 230.003 E32 1 _wDEWEY _c2 _i45555 _lCCODEBUL1 _mBUL _r0 _sY _tBOOK _u2015-6-24 _xTEOLOGIA _PP35 _0COMPRA _o.STAFF. Colección General |
||
| 994 |
_aC0 _bPEPRU |
||
| 596 | _a1 | ||
| 999 |
_a230.003 E32 1 _wDEWEY _c22420 _i60871 _d22420 _e2018-9-3 _f2021-11-9 _g6 _lCCODEBUL1 _mBUL _n4 _p10.00 _r0 _sY _tBOOK _u2015-6-24 _xTEOLOGIA _PP35 _0COMPRA _o.STAFF. Colección Teología |
||
| 999 |
_aRC 230.003 E32 1 _wDEWEY _c2 _i45555 _f2021-11-8 _g6 _lCCODEBUL1 _mBUL _r1 _sY _tBOOK _u2015-6-24 _xTEOLOGIA _PP35 _0COMPRA _o.STAFF. Colección General |
||
| 980 |
_81 _gALBERTO SANCHEZ Responsable de Automatización |
||